000 00633nam a2200229Ia 4500
003 OSt
005 20220928120321.0
006 a|||||r|||| 00| 0
007 ta
008 220927b |||||||| |||| 00| 0 eng d
024 _a75520
037 _cTextual
040 _aSDCL
_cSDCL
_beng
041 _2eng
_aeng
082 _aW:28, M6
100 _aBakshi Rajinder Singh
_9448635
245 0 _aPoliticians,bureaucrats and the development process.
260 _aNew Delhi
_bRadland Publication
_c1986
300 _axii,246p
_ccm.
942 _hW:28, M6
_cTEXL
_2CC
999 _c763187
_d763187